| 000 | 00914nam a22002537i 4500 | ||
|---|---|---|---|
| 003 | DO-SdBNP | ||
| 005 | 20251217123610.0 | ||
| 007 | ta | ||
| 008 | 220211b2019 dr ||||| |||| 00| 0 spa d | ||
| 020 | _a9789945169638 | ||
| 040 |
_aDO-SdBNP _bspa _cBNPHU _erda |
||
| 041 | _aspa | ||
| 082 | 4 |
_aRD861.5 _bD331s _222 |
|
| 245 | 0 | 0 |
_aDel sur al sur : _bantología de poesía y cuento / |
| 264 |
_aSanto Domingo, República Dominicana : _bPublicación del Proyecto Cultural Sur Santo Domingo, _c2019. |
||
| 300 |
_a181 páginas ; _c23 cm. |
||
| 504 | _aBibliografía: páginas 179-181 | ||
| 505 |
_gPrimera parte _tAntología de poesía -- _gSegunda parte _tAntología de cuento -- |
||
| 590 | _aInventariado, 2022 /LP | ||
| 650 | 4 |
_aPoesía dominicana _vColecciones _97120 |
|
| 650 | 4 |
_aCuentos dominicanos _vColecciones _9146 |
|
| 910 | _aLopérez./Validado. Control de calidad MFF | ||
| 942 |
_2ddc _cLBS1 |
||
| 999 |
_c51420 _d51420 |
||